Most Played Sports in England - Statistics

General Stats
  • This quiz has been taken 1,193 times
  • The average score is 6 of 10
Answer Stats
Hint Answer % Correct
1.94m Football
100%
166400 Rugby Union
93%
189400 Cricket
87%
424300 Tennis
82%
2.89m Swimming
65%
772800 Golf
58%
1.96m Athletics
55%
1.87m Cycling
36%
257700 Squash
28%
150100 Boxing
25%
No matching quizzes found
Score Distribution
Percent of People with Each Score
Percentile by Number Answered
Your Score History
You have not taken this quiz